Limits of correlation analysis - the selection of explanatory variables based on correlations

Pearsonov koeficient korelácie a problém dosiahnutia želaných výsledkov analýzy - výberu optimálnych premenných. Limity Pearsonovho koeficientu korelácie. Korelácia skupinovo sústredených premenných.

Gespeichert in:
Bibliographische Detailangaben
1. Verfasser: Káčer, Marek, 1976-
Weitere Verfasser: Alexy, Martin, 1976-
Format: Buchkapitel
Sprache:Englisch
Schlagworte:
Tags: Tag hinzufügen
Keine Tags, Fügen Sie das erste Tag hinzu!

MARC

LEADER 00000nla a2200000 4500
001 0211813
005 20240502073532.3
041 0 |a eng 
044 |a SK 
245 1 0 |a Limits of correlation analysis - the selection of explanatory variables based on correlations  |c Marek Káčer, Martin Alexy 
520 |a Pearsonov koeficient korelácie a problém dosiahnutia želaných výsledkov analýzy - výberu optimálnych premenných. Limity Pearsonovho koeficientu korelácie. Korelácia skupinovo sústredených premenných. 
610 2 0 |a koeficient korelácie 
100 1 |a Káčer, Marek, 1976- 
700 1 |a Alexy, Martin, 1976-